000 00338nam a2200145Ia 4500
008 200103s9999||||xx |||||||||||||| ||und||
040 _aIMU-MPC
082 _aColumn-30
100 _aHolman, J. P.
245 0 _aHeat Transfer
250 _a2nd ed.
260 _bMcGraw-Hill Book Company, Inc.
_c1968
300 _axiii, 401
942 _cBK
999 _c7374
_d7374